Online Catalogue and eLibrary

Changing Profiles of Women: (Record no. 1630)

MARC details
000 -LEADER
fixed length control field 00444nam a2200169Ia 4500
005 - DATE AND TIME OF LATEST TRANSACTION
control field 20250123003028.0
008 - FIXED-LENGTH DATA ELEMENTS--GENERAL INFORMATION
fixed length control field 240331s9999 xx 000 0 und d
082 ## - DDC Classification
Item Number - Author Mark MAR
DDC Edition Number 987
Class No. 305.4
245 #0 - TITLE STATEMENT
Title Changing Profiles of Women:
Remainder of title Women in Development
260 ## - PUBLICATION, DISTRIBUTION, ETC.
Place of publication, distribution, etc. Colombo
Name of publisher, distributor, etc. Marga Institute
Date of publication, distribution, etc. 1989
300 ## - PHYSICAL DESCRIPTION
Extent (e.g. Volumes, Pages etc.) xi, 93 p., (Volume 10 No.2)
650 ## - SUBJECT ADDED ENTRY--TOPICAL TERM
Topical term or geographic name entry element Women
650 ## - SUBJECT ADDED ENTRY--TOPICAL TERM
Topical term or geographic name entry element Development
650 ## - SUBJECT ADDED ENTRY--TOPICAL TERM
Topical term or geographic name entry element Equality
700 ## - ADDED ENTRY--PERSONAL NAME
Personal name Marga
Relator term (Role) Editor
942 ## - Koha item type (Biblio)
Koha item type Books in Stacks (Lending)
Holdings
Lost status Damaged status Collection code Home library Current library Shelving location Date acquired Full call number Accession Number Item type
    Lending WERC Library WERC Library Social Science Cupboard 03/31/2024 305.4 CHA 987 Books in Stacks (Lending)

© WERC Library